Normal view MARC view
  • Qasim, Ghafor Shah

Entry Personal Name

Number of records used in: 3

001 - CONTROL NUMBER

  • control field: 14590

003 - CONTROL NUMBER IDENTIFIER

  • control field: NUST

005 - DATE AND TIME OF LATEST TRANSACTION

  • control field: 20190529061625.0

008 - FIXED-LENGTH DATA ELEMENTS

  • fixed length control field: 190529|| aca||aabn | a|a d

040 ## - CATALOGING SOURCE

  • Original cataloging agency: NUST
  • Transcribing agency: NUST

100 ## - HEADING--PERSONAL NAME

  • Personal name: Qasim, Ghafor Shah

670 ## - SOURCE DATA FOUND

  • Source citation: Work cat.: (NUST): Qasim, Ghafor Shah, Pakistani Adab 1947 se Ta Hal /, 1995.
© 2023 Central Library, National University of Sciences and Technology. All Rights Reserved.